| 000 | 00594nam a22002177a 4500 | ||
|---|---|---|---|
| 005 | 20170124110038.0 | ||
| 010 | _a052934 | ||
| 020 | _c00.00 | ||
| 035 | _a052934 | ||
| 037 | _bCen Lib/Ret | ||
| 040 |
_aDPL _bEN |
||
| 082 |
_a882 _bMIL |
||
| 100 |
_aMiller, Hugh _923217 |
||
| 245 |
_aThe best one act plays of 1952-53 / _cby Hugh Miller |
||
| 260 |
_aLondon _bGeorge G. Harrap & Co. _c1954 |
||
| 270 |
_bLondon _a182, high holborn |
||
| 300 |
_a234p. _c17cm(Hb) |
||
| 650 |
_aEnglish literature _923218 |
||
| 650 |
_aDrama _923219 |
||
| 942 |
_2ddc _cEN _h882 _mMIL |
||
| 999 |
_c128380 _d128380 |
||